| 000 | 01953nam a2200397 c 4500 | ||
|---|---|---|---|
| 003 | BLK | ||
| 005 | 20180420223352.0 | ||
| 008 | 180408b bul|||||r ||||||| ||bul|| | ||
| 010 | _aKNG00069748000 | ||
| 020 |
_a954-730-374-0 _bиздат.: Сиби |
||
| 040 | _aBLK | ||
| 041 |
_aBUL _cBUL |
||
| 080 |
_aВещни права. Вещи. Имущества _b347.2 _x(035) _z347.2(035) |
||
| 080 |
_aТехника на търговията (икон. аспекти). Условия на сделките. Форми на стокообмен и разпределение на стоките. Условия на доставките, на плащане. Размяна. Бартерни сделки. Покупка. Продажба. Фр _b339.18 _x(035) _z339.18(035) |
||
| 100 | 1 |
_aМаринова, Бисерка Тодорова _eпърви автор _9292483 |
|
| 139 |
_aМаринова, Бисерка Тодорова _bМ 31 |
||
| 245 | 1 | 0 |
_aКак да печелим от сделки с недвижими имоти _bПравни, финансови и маркетингови трикове _cБисерка Тодорова Маринова. |
| 257 | _aBGR | ||
| 260 |
_аСофия _bСиби _c2006 _fСофия : Инвестпрес |
||
| 300 |
_a228 с. _c20 см |
||
| 380 | _a3 | ||
| 500 | _aОфс. изд. | ||
| 650 | 4 |
_aНедвижима собственост - България - оценка и пазар _9255724 |
|
| 650 | 4 |
_aСобственост - България - правни въпроси _9243448 |
|
| 650 | 4 |
_aСделки - наръчници и ръководства _9271626 |
|
| 651 | 4 |
_aБългария _9241624 |
|
| 653 | _aнедвижима собственост | ||
| 653 | _aсделки | ||
| 653 | _aнаръчници | ||
| 653 | _aръководства | ||
| 852 | _aЦб 230237 | ||
| 856 | 4 |
_qpdf _u |
|
| 856 | 4 |
_qpdf _u |
|
| 942 |
_cKNG _n0 |
||
| 944 |
_aCR _c29.11.2006 _kКети_Илиева |
||
| 944 |
_aED _c04.01.2013 _k |
||
| 999 |
_c65470 _d65470 |
||